00459nam a2200181 a 4500001001300000003000900013005001700022008004100039020001000080082001700090100002200107245002900129260003800158300000900196500003500205505001000240650002700250nice12345678IN_TiNIC20260116011350.0050524s1968 lona grp 000 0 eng  ac10000a659.132bCOX aCoxill, H Wakelin aWorld Christian Handbook aLondon bLutterworth Press c1968 a378p aincludes index and biblioraphy2 aIndex aDirectory-Christianity